Phương Tây văn học và con người Tiểu luận, phê bình

Сохранить в:
Библиографические подробности
Главный автор: Hoàng Trinh
Формат:
Язык:Undetermined
Опубликовано: Hà Nội Hội Nhà Văn 1999
Предметы:
Метки: Добавить метку
Нет меток, Требуется 1-ая метка записи!
Thư viện lưu trữ: Trung tâm Học liệu Trường Đại học Cần Thơ
LEADER 00618nam a2200217Ia 4500
001 CTU_34417
008 210402s9999 xx 000 0 und d
020 |b 20.000đ 
082 |a 809.8894 
082 |b H407 
100 |a Hoàng Trinh 
245 0 |a Phương Tây văn học và con người 
245 0 |b Tiểu luận, phê bình 
245 0 |c Hoàng Trinh 
260 |a Hà Nội 
260 |b Hội Nhà Văn 
260 |c 1999 
650 |a European literature 
650 |x History and criticism 
904 |i Minh, 991208 
980 |a Trung tâm Học liệu Trường Đại học Cần Thơ